000 00624nam a22002057a 4500
999 _c6409
_d6409
003 AR-CdUCM
008 190315b ||||| |||| 00| 0 spa d
040 _aMUNICIPALIDAD PROVINCIAL DEL CUSCO
_cBIBLIOTECA MUNICIPAL DEL CUSCO
082 _a868.917 /
_bR59
100 _aRilke, Rainer María
_917514
245 _aPoesías escogidas /
260 _aLa Plata :
_bCayetano Calomino,
_c1942.
300 _a239 páginas ;
_c18 cm.
500 _aDonación familia Nieto
650 _aPoesia argentina
_91657
650 _aSiglo XX
_98
700 _aFingerit, Marcos (traducción)
_918221
942 _2ddc
_cLIBROS
945 _aafb